| 000 | 00441nam a2200181Ia 4500 | ||
|---|---|---|---|
| 001 | 23156 | ||
| 005 | 20260414150919.0 | ||
| 008 | 260414t2017||||xx |||||||||||||| ||spa|| | ||
| 041 | _aESP | ||
| 082 |
_a624.2 _bM84 |
||
| 100 |
_aMonleón Cremades, Salvador _eAUT |
||
| 245 | 0 |
_aDiseño estructural de puentes _b |
|
| 260 | _c2017 | ||
| 300 |
_axxvi, 387 páginas : _c28 cm. |
||
| 650 | _a0 | ||
| 654 | _aCIC | ||
| 942 |
_cLIB _dJUS _fJUS _2ddc _n |
||
| 999 |
_c23156 _d23156 |
||